<?xml version='1.0' encoding='UTF-8'?>
  <record xmlns="http://www.loc.gov/MARC21/slim">
    <leader>00000cam a2200000 i 4500</leader>
    <controlfield tag="001">on1398274638</controlfield>
    <controlfield tag="003">OCoLC</controlfield>
    <controlfield tag="005">20250730232220.2</controlfield>
    <controlfield tag="008">230920s1586    gw a          001 0 ger  </controlfield>
    <datafield tag="040" ind1=" " ind2=" ">
      <subfield code="a">QGJ</subfield>
      <subfield code="b">eng</subfield>
      <subfield code="e">rda</subfield>
      <subfield code="e">dcrmr</subfield>
      <subfield code="c">QGJ</subfield>
      <subfield code="d">QGJ</subfield>
      <subfield code="d">OCLCA</subfield>
      <subfield code="d">OCLCQ</subfield>
      <subfield code="d">QGJ</subfield>
      <subfield code="d">OCLCL</subfield>
    </datafield>
    <datafield tag="035" ind1=" " ind2=" ">
      <subfield code="a">(OCoLC)1398274638</subfield>
    </datafield>
    <datafield tag="041" ind1="1" ind2=" ">
      <subfield code="a">ger</subfield>
      <subfield code="h">lat</subfield>
    </datafield>
    <datafield tag="082" ind1="0" ind2="4">
      <subfield code="a">133.4/3</subfield>
      <subfield code="q">OCoLC</subfield>
      <subfield code="2">20/eng/20231120</subfield>
      <subfield code="1">https://id.oclc.org/worldcat/ddc/E3kpkqGQRGJvvY4w3cdCH68Ym7</subfield>
    </datafield>
    <datafield tag="100" ind1="1" ind2=" ">
      <subfield code="a">Weyer, Johann,</subfield>
      <subfield code="d">1515-1588,</subfield>
      <subfield code="e">author.</subfield>
      <subfield code="4">aut</subfield>
      <subfield code="1">https://id.oclc.org/worldcat/entity/E39PBJrrx67GdhCQJhWCpTXWXd</subfield>
    </datafield>
    <datafield tag="240" ind1="1" ind2="0">
      <subfield code="a">De praestigiis daemonum.</subfield>
      <subfield code="l">German</subfield>
    </datafield>
    <datafield tag="245" ind1="1" ind2="0">
      <subfield code="a">De praestigiis daemonum :</subfield>
      <subfield code="b">von Teuffelsgespenst, Zauberern vnd Gifftbereytern, Schwartzkünstlern, Hexen vnd Vnholden : darzu jrer Straff, auch von den Bezauberten vnd wie jhnen zuhelffen sey : ordentlich vnd eigentlich mit sonderm Fleiss in VI. Bücher getheilet : darinnen gründlich vnd eigentlich dargethan, was von solchen jeder Zeit disputiert, vnd gehalten worden /</subfield>
      <subfield code="c">erstlich durch D. Johannem Weier in Latein beschreiben ; nachmals von Johanne Fuglino verteutscht ; jetzund aber nach dem letzten Lateinischen aussgangenen Original auffs neuw vbersehen, vnnd mit vielen heilsamen nützlichen Stücken ; auch sonderlich hochdienlichen newen Zusätzen, so im Lateinischen nicht gelesen, als im folgenden Blat zufinden, so der Bodinus mit gutem Grundt nicht widerlegen kan, durchauss gemehret vnd gebessert ; sampt zu Endt angehencktem newem vnd volkommenen Register.</subfield>
    </datafield>
    <datafield tag="264" ind1=" " ind2="1">
      <subfield code="a">Getruckt zu Franckfurt am Mayn, :</subfield>
      <subfield code="b">Durch Nicolaum Basseum,</subfield>
      <subfield code="c">M. D. LXXXVI. [1586]</subfield>
    </datafield>
    <datafield tag="300" ind1=" " ind2=" ">
      <subfield code="a">[24], 575, [21] pages :</subfield>
      <subfield code="b">2 illustrations (woodcuts) ;</subfield>
      <subfield code="c">32 cm (folio)</subfield>
    </datafield>
    <datafield tag="336" ind1=" " ind2=" ">
      <subfield code="a">text</subfield>
      <subfield code="b">txt</subfield>
      <subfield code="2">rdacontent</subfield>
    </datafield>
    <datafield tag="337" ind1=" " ind2=" ">
      <subfield code="a">unmediated</subfield>
      <subfield code="b">n</subfield>
      <subfield code="2">rdamedia</subfield>
    </datafield>
    <datafield tag="338" ind1=" " ind2=" ">
      <subfield code="a">volume</subfield>
      <subfield code="b">nc</subfield>
      <subfield code="2">rdacarrier</subfield>
    </datafield>
    <datafield tag="340" ind1=" " ind2=" ">
      <subfield code="m">folio</subfield>
      <subfield code="2">rdabf</subfield>
    </datafield>
    <datafield tag="500" ind1=" " ind2=" ">
      <subfield code="a">Title page printed in red and black.</subfield>
    </datafield>
    <datafield tag="500" ind1=" " ind2=" ">
      <subfield code="a">Signatures: )(⁴ 2(?)⁴ 3(?)⁴ A-Z⁶ Aa-Zz⁶ Aaa-Bbb⁶ Ccc⁴ Ddd⁴; )(4 is blank.</subfield>
    </datafield>
    <datafield tag="500" ind1=" " ind2=" ">
      <subfield code="a">Initials; printed marginal notes.</subfield>
    </datafield>
    <datafield tag="500" ind1=" " ind2=" ">
      <subfield code="a">Contains also poems by Johannes Brachelius and Johann von Ewich.</subfield>
    </datafield>
    <datafield tag="500" ind1=" " ind2=" ">
      <subfield code="a">D. Johann Weiers Apologia includes letters by Johannes Brenz, Carolus Gallus, Caspar Borcholt, Theodor Zwinger, Baudouin van Ronss and Johann von Ewich.</subfield>
    </datafield>
    <datafield tag="505" ind1="0" ind2="0">
      <subfield code="g">Contains also:</subfield>
      <subfield code="t">D. Johann Weiers Apologia</subfield>
      <subfield code="g">(pages 484-542) --</subfield>
      <subfield code="t">Pseudomonarchia daemonum</subfield>
      <subfield code="g">(pages 543-554) --</subfield>
      <subfield code="t">Etliche newe Zusätz D. Johann Weiers von den Hexen vnd Vnholden, so der Bodinus mit gutem Grund nicht widerlegen kan. : Ausszug etlicher Predigten, so durch Herrn Johann Geylern von Keyserssberg der Theologiae Doctorum, vnnd dess Thumbstiffts zu Strassburg in dem Jahr M.D. VIII. gewesenen Predicanten alldar gehalten, was seine Meynung von der Zauberey gewesen</subfield>
      <subfield code="g">(pages 555-563) --</subfield>
      <subfield code="t">Räthlich bedencken Doctor Johann Weiers welches den beschlossenen Jungfrauwen im Closter zu Nazareth ... so von dem bösen Feind angefochten gewest zugeschreiben ...</subfield>
      <subfield code="g">(pages 563-567) --</subfield>
      <subfield code="t">Noch ein Rathschlag eines ... Rechts gelehrten, wie es mit einer Behaffter, vnd der Zauberey halben bezeiheter Frauwen mit Ausssprechung der Vrtheil zu halten</subfield>
      <subfield code="g">(pages 567-575).</subfield>
    </datafield>
    <datafield tag="510" ind1="4" ind2=" ">
      <subfield code="a">Verzeichnis der im deutschen Sprachbereich erschienenen Drucke des 16. Jahrhunderts (VD 16),</subfield>
      <subfield code="c">W 2676</subfield>
      <subfield code="u">https://gateway-bayern.de/VD16+W+2676</subfield>
    </datafield>
    <datafield tag="510" ind1="4" ind2=" ">
      <subfield code="3">Weyer, Johann. Apologie:</subfield>
      <subfield code="a">Verzeichnis der im deutschen Sprachbereich erschienenen Drucke des 16. Jahrhunderts (VD 16),</subfield>
      <subfield code="c">W 2657</subfield>
      <subfield code="u">https://gateway-bayern.de/VD16+W+2657</subfield>
    </datafield>
    <datafield tag="510" ind1="4" ind2=" ">
      <subfield code="3">Weyer, Johann. Pseudomonarchia daemonum:</subfield>
      <subfield code="a">Verzeichnis der im deutschen Sprachbereich erschienenen Drucke des 16. Jahrhunderts (VD 16),</subfield>
      <subfield code="c">W 2679</subfield>
      <subfield code="u">https://gateway-bayern.de/VD16+W+2679</subfield>
    </datafield>
    <datafield tag="650" ind1=" " ind2="0">
      <subfield code="a">Demonology</subfield>
      <subfield code="v">Early works to 1800.</subfield>
    </datafield>
    <datafield tag="650" ind1=" " ind2="0">
      <subfield code="a">Witchcraft</subfield>
      <subfield code="v">Early works to 1800.</subfield>
    </datafield>
    <datafield tag="650" ind1=" " ind2="0">
      <subfield code="a">Magic</subfield>
      <subfield code="v">Early works to 1800.</subfield>
    </datafield>
    <datafield tag="650" ind1=" " ind2="6">
      <subfield code="a">Démonologie</subfield>
      <subfield code="v">Ouvrages avant 1800.</subfield>
    </datafield>
    <datafield tag="650" ind1=" " ind2="6">
      <subfield code="a">Sorcellerie</subfield>
      <subfield code="v">Ouvrages avant 1800.</subfield>
    </datafield>
    <datafield tag="650" ind1=" " ind2="7">
      <subfield code="a">Demonology</subfield>
      <subfield code="2">fast</subfield>
    </datafield>
    <datafield tag="650" ind1=" " ind2="7">
      <subfield code="a">Magic</subfield>
      <subfield code="2">fast</subfield>
    </datafield>
    <datafield tag="650" ind1=" " ind2="7">
      <subfield code="a">Witchcraft</subfield>
      <subfield code="2">fast</subfield>
    </datafield>
    <datafield tag="655" ind1=" " ind2="7">
      <subfield code="a">Early works</subfield>
      <subfield code="2">fast</subfield>
    </datafield>
    <datafield tag="700" ind1="1" ind2=" ">
      <subfield code="a">Brachelius, Johannes,</subfield>
      <subfield code="d">active 16th century,</subfield>
      <subfield code="e">contributor.</subfield>
      <subfield code="4">ctb</subfield>
    </datafield>
    <datafield tag="700" ind1="1" ind2=" ">
      <subfield code="a">Ewich, Johann von,</subfield>
      <subfield code="d">1525-1588,</subfield>
      <subfield code="e">contributor.</subfield>
      <subfield code="4">ctb</subfield>
      <subfield code="1">https://id.oclc.org/worldcat/entity/E39PBJkdqxGyxrp7YGQCTjB3wC</subfield>
    </datafield>
    <datafield tag="700" ind1="1" ind2=" ">
      <subfield code="a">Brenz, Johannes,</subfield>
      <subfield code="d">1499-1570,</subfield>
      <subfield code="e">contributor.</subfield>
      <subfield code="4">ctb</subfield>
      <subfield code="1">https://id.oclc.org/worldcat/entity/E39PBJmXQ9kGjYWtVCGMqW4rMP</subfield>
    </datafield>
    <datafield tag="700" ind1="1" ind2=" ">
      <subfield code="a">Gallus, Carolus,</subfield>
      <subfield code="d">active 1565,</subfield>
      <subfield code="e">contributor.</subfield>
      <subfield code="4">ctb</subfield>
    </datafield>
    <datafield tag="700" ind1="1" ind2=" ">
      <subfield code="a">Borcholt, Kaspar,</subfield>
      <subfield code="d">1538-1599,</subfield>
      <subfield code="e">contributor.</subfield>
      <subfield code="4">ctb</subfield>
    </datafield>
    <datafield tag="700" ind1="1" ind2=" ">
      <subfield code="a">Zwinger, Theodor,</subfield>
      <subfield code="d">1533-1588,</subfield>
      <subfield code="e">contributor.</subfield>
      <subfield code="4">ctb</subfield>
      <subfield code="1">https://id.oclc.org/worldcat/entity/E39PBJxcYrhfCcbj7mWchdvbVC</subfield>
    </datafield>
    <datafield tag="700" ind1="1" ind2=" ">
      <subfield code="a">Ronss, Baudouin van,</subfield>
      <subfield code="d">1525-1596,</subfield>
      <subfield code="e">contributor.</subfield>
      <subfield code="4">ctb</subfield>
    </datafield>
    <datafield tag="700" ind1="1" ind2=" ">
      <subfield code="a">Geiler von Kaysersberg, Johann,</subfield>
      <subfield code="d">1445-1510,</subfield>
      <subfield code="e">contributor.</subfield>
      <subfield code="4">ctb</subfield>
      <subfield code="1">https://id.oclc.org/worldcat/entity/E39PBJmXG4pwq8KKwXhHR4p3wC</subfield>
    </datafield>
    <datafield tag="700" ind1="1" ind2=" ">
      <subfield code="a">Berleysch, Curth Thil von,</subfield>
      <subfield code="e">dedicatee.</subfield>
      <subfield code="4">dte</subfield>
    </datafield>
    <datafield tag="700" ind1="1" ind2=" ">
      <subfield code="a">Welsperg, Paul von,</subfield>
      <subfield code="e">dedicatee.</subfield>
      <subfield code="4">dte</subfield>
    </datafield>
    <datafield tag="700" ind1="0" ind2=" ">
      <subfield code="a">Wilhelm</subfield>
      <subfield code="b">V,</subfield>
      <subfield code="c">Herzog von Kleve-Jülich-Berg,</subfield>
      <subfield code="d">1516-1592,</subfield>
      <subfield code="e">dedicatee.</subfield>
      <subfield code="4">dte</subfield>
      <subfield code="1">https://id.oclc.org/worldcat/entity/E39PBJxRydfYvpHqhbQ3k7JJjC</subfield>
    </datafield>
    <datafield tag="700" ind1="1" ind2="2">
      <subfield code="i">Container of (expression):</subfield>
      <subfield code="a">Weyer, Johann,</subfield>
      <subfield code="d">1515-1588.</subfield>
      <subfield code="t">Apologia.</subfield>
      <subfield code="l">German.</subfield>
    </datafield>
    <datafield tag="700" ind1="1" ind2="2">
      <subfield code="i">Container of (expression):</subfield>
      <subfield code="a">Weyer, Johann,</subfield>
      <subfield code="d">1515-1588.</subfield>
      <subfield code="t">Pseudomonarchia daemonum.</subfield>
      <subfield code="l">German.</subfield>
    </datafield>
    <datafield tag="700" ind1="1" ind2=" ">
      <subfield code="a">Füglin, Johann,</subfield>
      <subfield code="e">translator.</subfield>
      <subfield code="4">trl</subfield>
      <subfield code="1">https://id.oclc.org/worldcat/entity/E39PCjDTbdCt6Mg3Cr3bbyfK3P</subfield>
    </datafield>
    <datafield tag="700" ind1="1" ind2=" ">
      <subfield code="a">Bassée, Nicolas,</subfield>
      <subfield code="d">-1601,</subfield>
      <subfield code="e">printer.</subfield>
      <subfield code="4">prt</subfield>
      <subfield code="1">https://id.oclc.org/worldcat/entity/E39PBJvH8wXpF79wB7XGCJyrv3</subfield>
    </datafield>
    <datafield tag="752" ind1=" " ind2=" ">
      <subfield code="a">Germany</subfield>
      <subfield code="d">Frankfurt am Main,</subfield>
      <subfield code="e">publication place.</subfield>
      <subfield code="4">pup</subfield>
    </datafield>
  </record>